Návrh zdokonalenia a osvojenia si podnikovej kultúry zamestnancami ako nástroja zabezpečenia lojality a angažovanosti zamestnancov

Enregistré dans:
Détails bibliographiques
Auteur principal: Filo, Samuel (Auteur)
Autres auteurs: Novotná, Ivana (Directeur de thèse)
Format: Manuscrit Livre
Langue:slovaque
Publié: 2015
Sujets:
Accès en ligne:http://is.stuba.sk/zp/portal_zp.pl?podrobnosti=102785
Tags: Ajouter un tag
Pas de tags, Soyez le premier à ajouter un tag!

MARC

LEADER 00000ntm a22000003a 4500
001 stuzp50742
003 SK-STU
005 20160719153642.0
007 ta
008 150427s2015----xo-----f-mn---000-0-slo-d
040 |a STU  |b slo 
041 0 |a slo 
100 1 |a Filo, Samuel  |u 064000  |4 aut  |U MTF Materiálovotechnologická fakulta  |T MTF Ústav priemyselného inžinierstva a manažmentu  |X 70232  |U M4000  |Y 84  |7 70232 
242 0 1 |a Proposals for the improvement and acquiring corporate culture as an instrument for mesuring loyalty and employee involvement  |y eng 
245 1 0 |a Návrh zdokonalenia a osvojenia si podnikovej kultúry zamestnancami ako nástroja zabezpečenia lojality a angažovanosti zamestnancov 
260 |c 2015 
650 4 |a podniková kultúra  |2 slo 
650 4 |a zamestnanci  |2 slo 
650 4 |a lojalita  |2 slo 
650 4 |a corporate culture  |2 eng 
650 4 |a loyalty  |2 eng 
650 4 |a employees  |2 eng 
700 1 |a Novotná, Ivana  |4 ths  |X 46421  |7 A000046421 
856 4 |u http://is.stuba.sk/zp/portal_zp.pl?podrobnosti=102785 
996 |c M* BP-7333  |l MMSKP  |s P  |a 0  |w stuzp50742_0001 
SQL |a stuzp50742  |b DBP  |c SLO  |d Návrh zdokonalenia a osvojenia si podnikovej kultúry zamestnancami ako nástroja zabezpečenia lojality a angažovanosti zamestnancov  |e 70232  |f Filo, Samuel  |g 064000  |h 46421  |i Novotná, Ivana  |j 20150622  |k 173  |l 06  |m http://is.stuba.sk/zp/portal_zp.pl?podrobnosti=102785  |n B-PPP  |o 5.2.52. priemyselné inžinierstvo